| 000 | 00562nam a2200205Ia 4500 | ||
|---|---|---|---|
| 003 | OSt | ||
| 005 | 20230418162052.0 | ||
| 008 | 210423s2015 xx 000 0 und d | ||
| 040 | _cAL | ||
| 041 | _akan | ||
| 082 |
_aK894.3 _223 _bCOEA |
||
| 100 |
_aCOELHO (Paulo) _941341 |
||
| 245 | _aAlchemist: Rasavadi Tr by Abdul Raheem Teekay | ||
| 260 |
_aMangalore _bSalma bava foundation _c2015 |
||
| 300 |
_a167 _bHB |
||
| 365 |
_b250 _cINR |
||
| 650 |
_aUral & Dravidian Literature _941342 |
||
| 906 | _aAbdul ; k ; raheem ; Rasavadi ; t ; Tr | ||
| 942 |
_2ddc _cBK |
||
| 999 |
_c170074 _d170074 |
||